000 01350nam0a2200373 4500
001 RU\NLR\bibl\60325
005 20250616091305.0
010 _a5-901028-02-3
_97000
020 _aRU
_b98-22052
_9Книжная летопись
021 _aRU
_b98-11564
_9548
035 _a(NLR Aleph) 000058842
090 _a319437
_c319437
100 _a19990528d1998 |||y0rusy50 ca
101 1 _arus
_ceng
102 _aRU
105 _aa |||||||||
200 1 _aКак пройти на Уолл-стрит
_eПер. с англ.
_fДжеффри Б. Литтл, Люсьен Роудс
210 _aМ.
_cЗАО "Олимп-бизнес"
_cИнвестиц. компания "Тройка-диалог"
_d1998
215 _a364 с.
_cил.
_d20
320 _aАлф. указ.: с. 359-364
606 0 _aФондовые рынки
_yСоединенные Штаты Америки
_92124840
_3RU\NLR\auth\661282676
610 0 _aФинансовый анализ
675 _a336.76
_v3
_zrus
686 _a06.75
_2rugasnti
686 _a65.9(2)26
_2rubbk
686 _aУ26(7США)229.2
700 1 _aЛиттл
_bДжеффри Б.
_4070
701 1 _aРоудс
_gЛюсьен
_4070
801 0 _aRU
_bRKP
_c19990528
_gPSBO
801 1 _aRU
_bRKP
_c19990528
801 2 _aRU
_bNLR
_c19991125
_grcr
852 _aNLR
_j98-3/3828
942 _cBOOK
980 _aNB